| 000 | 01133nam a2200169Ia 4500 | ||
|---|---|---|---|
| 005 | 20250117103633.0 | ||
| 008 | 250117s9999 xx 000 0 und d | ||
| 020 | _a978-0691131412 | ||
| 082 | _a338.097GAL | ||
| 100 | _aGalbraith, John Kenneth. | ||
| 245 | 4 | _aThe new industrial state | |
| 260 |
_aPrinceton _bPrinceton University Press _c2007 |
||
| 300 | _aliv, 518 p. ; 21 cm. | ||
| 500 | _aIncludes bibliographical references and index. | ||
| 520 | _aWith searing wit and incisive commentary, John Kenneth Galbraith redefined America's perception of itself in The New Industrial State, one of his landmark works. The United States is no longer a free-enterprise society, Galbraith argues, but a structured state controlled by the largest companies. Advertising is the means by which these companies manage demand and create consumer "need" where none previously existed. Multinational corporations are the continuation of this power system on an international level. The goal of these companies is not the betterment of society, but immortality through an uninterrupted stream of earnings. | ||
| 650 | _aIndustries--United States. | ||
| 999 |
_c3412 _d3412 |
||